000 01447nam a2200253 i 4500
001 164346
003 ES-MaACL
005 20260130141737.0
008 990901m18731881fr |||| | fre d
040 _aCAM
_bspa
_cCAM
100 1 _aSaint-Simon, Louis de Rouvroy,
_cduc de,
_d1675-1755
_9132295
245 1 0 _aMémoires du duc de Saint-Simon /
_cpubliés par Chéruel et Ad. Regnier fils; et collationnés de nouveau pour cette édition sur le manuscrit autographe avec une notice de Sainte-Beuve.
260 _aParis :
_bLibrairie Hachette,
_c1873-1881 (
_fImprimerie Cusset et cie)
300 _a20 v. ;
_c18 cm.
594 _aEl t. 20 corresponde a la Table alphabétique rédigé par Paul Guérin.
596 _aLos t.1 al 19 fechados entre 1873-1875.
651 4 _aFrancia-
_xHistoria-
_y1643-1715, Luis XIV.
_98682
651 4 _aFrancia-
_xHistoria-
_y1715-1723, Regencia.
_9152768
700 1 _aCheruel, Adolphe,
_d1809-1891
_9159360
700 1 _aRegnier, Adolphe.
_9168568
700 1 _aSainte-Beuve, Charles-Augustin,
_d1804-1869
_9162958
852 _aES-MaACL
_zC-18621-40
_z-- Enc. hol.
_q-- Falta el T. I
_x-- Edic.: Según BN Opale-plus son 22 v. T. XX: Table analytique rédigée par l'auteur lui-même -- T. XXI. Supplément publié par A. de Boislisle -- T. XXII. Table alphabétique rédigée par Paul Guérin -- Añadir T600 Saint-Simon, Louis de Rouvroy, Duc de, 1675-1755-Biografías
999 _c164346
_d164346